| 000 | 00670nam a22002057a 4500 | ||
|---|---|---|---|
| 003 | 0 | ||
| 005 | 20250506113357.0 | ||
| 008 | 250506b xxu||||| |||| 00| 0 eng d | ||
| 020 | _a9786214270910 | ||
| 050 |
_aHF 1017 _b.M379 2021 |
||
| 100 |
_aMartin, Matt _eauthor |
||
| 245 |
_aStatistics for business and management _cMatt Martin, PhD |
||
| 260 |
_aManila _bUnlimited Books Library Services & Publishing Inc. _cc2021 |
||
| 300 |
_avi, 183 pages ; _c26cm. |
||
| 504 | _aIncludes bibliographical references. | ||
| 650 | _aBusiness—Statistical methods . | ||
| 650 | _aManagement—Statistical methods. | ||
| 650 | _aCommercial statistics. | ||
| 942 |
_2lcc _cBK |
||
| 999 |
_c367444 _d367444 |
||